<?xml version="1.0" encoding="UTF-8"?>
<collection xmlns="http://www.loc.gov/MARC21/slim">
 <record>
  <leader>00773pamaa2200193   4500</leader>
  <controlfield tag="001">0000018913</controlfield>
  <controlfield tag="005">20050922090000.0</controlfield>
  <datafield tag="020" ind1="0" ind2="0">
   <subfield code="a">1565922018 </subfield>
  </datafield>
  <datafield tag="082" ind1=" " ind2=" ">
   <subfield code="a">004.678 SER</subfield>
  </datafield>
  <datafield tag="090" ind1="0" ind2="0">
   <subfield code="a">LB1044.88 </subfield>
   <subfield code="b">SER</subfield>
  </datafield>
  <datafield tag="100" ind1="1" ind2="0">
   <subfield code="a">SERIM </subfield>
  </datafield>
  <datafield tag="245" ind1="1" ind2="0">
   <subfield code="a">NetLearning : </subfield>
   <subfield code="b">why teachers use the Internet  </subfield>
   <subfield code="c">Ferdi Serim and Melissa Koch.</subfield>
  </datafield>
  <datafield tag="260" ind1="0" ind2="0">
   <subfield code="a">Sebastopol, CA: </subfield>
   <subfield code="b">Songline Studios and O'Reilly &amp; Assoc., </subfield>
   <subfield code="c">996.</subfield>
  </datafield>
  <datafield tag="300" ind1=" " ind2=" ">
   <subfield code="a">xii, 292p.: </subfield>
   <subfield code="b">ill.; </subfield>
   <subfield code="c">24 cm. + 1 computer laser optical disc for Windows.</subfield>
  </datafield>
  <datafield tag="440" ind1="0" ind2="0">
   <subfield code="a">Song guides</subfield>
  </datafield>
  <datafield tag="504" ind1="0" ind2="0">
   <subfield code="a">Includes bibliographical references (p. 281) and index</subfield>
  </datafield>
  <datafield tag="650" ind1="0" ind2="0">
   <subfield code="a">Internet (Computer network) -- </subfield>
   <subfield code="x">Study and teaching -- </subfield>
   <subfield code="x">Handbooks, manuals, etc </subfield>
  </datafield>
  <datafield tag="650" ind1="0" ind2="0">
   <subfield code="a">Teaching -- </subfield>
   <subfield code="x">Aids and devices -- </subfield>
   <subfield code="z">United States </subfield>
  </datafield>
  <datafield tag="650" ind1="0" ind2="0">
   <subfield code="a">Computer literacy -- </subfield>
   <subfield code="z">United States </subfield>
  </datafield>
 </record>
</collection>
